Normal view
MARC view
Entry Topical Term
001 - CONTROL NUMBER
- control field: 25478
003 - CONTROL NUMBER IDENTIFIER
- control field: OSt
005 - DATE AND TIME OF LATEST TRANSACTION
- control field: 20210720161225.0
008 - FIXED-LENGTH DATA ELEMENTS
- fixed length control field: 210720|| aca||aabn | a|a d
040 ## - CATALOGING SOURCE
- Original cataloging agency: OSt
- Transcribing agency: OSt
150 ## - HEADING--TOPICAL TERM
- Topical term or geographic name entry element: Pandemic, Women-Corona-Warriors, Health-services, Jeevika-didis, ASHA, SHGs, PHCs, hospitals, Bihar
670 ## - SOURCE DATA FOUND
- Source citation: Work cat.: (OSt): Singh, Mala and Verma, R.K. 25477, Women and pandemic management: A case of Bihar
